| 000 | 00742nam a2200217 4500 | ||
|---|---|---|---|
| 008 | 241104b |||||||| |||| 00| 0 eng d | ||
| 017 | _aLD.641 | ||
| 018 | _a2003 | ||
| 020 | _a9783654853 | ||
| 040 |
_aNLN _bEnglish _eAACR2 |
||
| 050 |
_aB841 _b.I71 |
||
| 082 | _a141 | ||
| 100 |
_aIROEGBU, Pantaleon _eaut. _961017 |
||
| 245 |
_aPolitical concepts and ideologies : _bbeyond materialism and spiritualism / _cPantaleon Iroegbu |
||
| 260 |
_aIbadan, Oyo State (GAAF building 110/112, Oyo road. P. O. Box 22331) : _bHope Publications, _c2002 |
||
| 300 |
_a32p. ; _b22cm. |
||
| 563 | _a(pbk) | ||
| 650 |
_aSpiritualism _vReligious aspects _xChristianity _961018 |
||
| 650 |
_aMaterialism _vReligious aspects _xChristianity _961019 |
||
| 942 | _cBK | ||
| 999 |
_c31353 _d31353 |
||